01000cam a2200241 a 4500001000800000005001700008008004100025010001700066020002200083040001800105043001200123050003000135245012800165260014500293300004900438500002000487504002800507650005800535651004000593700002400633710006700657710003400724231722120170121154744.0820605s1981 kyuaf b l001 0 eng  a 81085531  a0960761209 (pbk.) aDLCcDLCdDLC an-us-ky00aNA730 b .K42J44 198100aJefferson County, survey of historic sites in Kentucky /cElizabeth F. Jones, editor ; Mary Jean Kinsman, associate editor. aLouisville, Ky. :bJefferson County Office of Historic Preservation and Archives in conjunction with the Kentucky Heritage Division,cc1981. a165 p., [1] leaf of plates :bill. ;c23 cm. aIncludes index. aBibliography: p. 11-13. 0aArchitecturezKentuckyzJefferson CountyxGuidebooks. 0aJefferson County (Ky.)xGuidebooks.1 aJones, Elizabeth F.2 aJefferson County Office of Historic Preservation and Archives.1 aKentucky.bHeritage Division.